Problems of water protection in Kuwait
Na minha lista:
| Autor principal: | |
|---|---|
| Formato: | Livro |
| Idioma: | inglês |
| Publicado em: |
Bratislava
STU FCHPT
2010
|
| Acesso em linha: | View in OPAC |
| Tags: |
Sem tags, seja o primeiro a adicionar uma tag!
|
MARC
| LEADER | 00000nam a2200000 a 4500 | ||
|---|---|---|---|
| 005 | 20260127134011.0 | ||
| 008 | 101118 2010 xo 000 0 eng d | ||
| 035 | |a vtls010189606 | ||
| 039 | 9 | |a 201106031123 |b mschk03 |y 201011180836 |z mschk03 | |
| 040 | |a STUSCHK1 |b slo |c STUSCHK1 |e AACR2 | ||
| 100 | 1 | |a Alsaffar, Mohammad A.H.A.H. | |
| 245 | 1 | |a Problems of water protection in Kuwait |c Mohammad A.H.A.H. Alsaffar | |
| 260 | |a Bratislava |b STU FCHPT |c 2010 | ||
| 300 | |a 24 s. |b il. |c 30 cm | ||
| 500 | |a Obháj.: febr. 2010 | ||
| 500 | |a Študijný program: engineering of chemical and environmental technologies | ||
| 500 | |a Študijný odbor: 5.2.18 chemical technologies | ||
| 500 | |a Bakalárska práca | ||
| 500 | |a FCHPT, Oddelenie environmentálneho inžinierstva | ||
| 500 | |a Evidenčné číslo: 60581 | ||
| 910 | |a SCHK95 | ||
| 999 | |c 1832 |d 1832 | ||